000 01150nam a22002657a 4500
005 20170124103126.0
010 _aA169380
020 _c75.00
035 _aA169380
037 _bCen Lib/Ret
040 _aDPL
_bHN
082 _a820.9
_bगुप्तअ
100 _aगुप्त, आशा
_983159
245 _aडॉ० ग्रियर्सन के साहित्येतिहास /
_cआशा गुप्त
246 _aDoc. Griyarson ke sahiteyeetihas /
_bby Asha Gupt
260 _aदिल्ली
_bआत्माराम एंड संस
_c1984
270 _aकश्मीरी गेट
_bदिल्ली
_e110006
300 _axiv,206पृ.
_c21सेमी(सजिल्द)
500 _aअनुक्रमणिका शामिल
650 _aहिंदी साहित्य
_983160
650 _aग्रियर्सन--भारतीय साहित्य इतिहास
_983161
650 _aHindi literature
_983162
650 _aGriersn - Indian literature history
_983163
942 _2ddc
_cHN
_h820.9
_mगुप्तअ
999 _c119059
_d119059